000 00675cam a2200229 4500
001 WB3618-18
008 000000n2000 000 0 eng u
035 _a(Sirsi) u105866
245 _aRental recovery forecast
260 _c2000
490 _aSunday Business
_v 7 May 2000, 43(1)
520 _aLondon residential rental yields have been low over the last year, but the market is beginning to change and rents are rising. Graph.
590 _aWB
650 _aHOUSING MARKET
650 _aPRIVATE RENTED SECTOR
650 _aLONDON
650 _aFORECASTS
650 _aLONDON
650 _aRECOVERY
690 _aHOUSING-PRIVATE RENTED SECTOR
942 _n0
999 _c63393
_d63393